Büyük Osmanlıca-Türkçe sözlük (Record no. 3025)
[ view plain ]
| 000 -BAŞLIK | |
|---|---|
| Sabit Uzunlukta Kontrol Alanı | 00886na a2200289 4500 |
| 001 - KONTROL NUMARASI | |
| Denetim Alanı | 14469 |
| 003 - KONTROL NUMARASI IDENTIFIER | |
| Denetim Alanı | MIRAKIL |
| 005 - SON İŞLEM TARİHİ VE ZAMANI | |
| Denetim Alanı | 20181213154917.0 |
| 008 - SABİT-BOY VERİ ELEMANLARI - GENEL BİLGİLER | |
| Sabit Uzunlukta Kontrol Alanı | 160828b tu 000 0 |
| 020 ## - ULUSLARARASI STANDART KİTAP NUMARASI | |
| Uluslararası Standart Kitap Numarası | 9751001196 |
| 035 ## - SİSTEM KONTROL NUMARASI | |
| Sistem Kontrol Numarası | 14469 |
| 040 ## - KATALOGLAMA KAYNAK | |
| Orijinal Kataloglama Ajansı | Milas |
| Kataloglama Dili | tur |
| Metne Dönüştürmek Ajansı | TR-AnCHP |
| 082 ## - DEWEY ONLU SINIFLANDIRMA NUMARASI | |
| Sınıflandırma Numarası | DAN 419.3 |
| Ürün Numarası | Ö96o 2005 |
| 090 ## - SINIFLAMA NUMARASI | |
| Sınıflama Numarası | DAN 419.3 Ö96o 2005 |
| 100 ## - ANA GİRİŞ - KİŞİSEL İSİM | |
| Kişisel Ad | Özön, Mustafa Nihat |
| Bir Adıyla İlişkilendirilen Tarihler | 1896-1980 |
| 240 ## - ÜNİFORM BAŞLIK | |
| Üniforma Başlık | <a href="Osmanlıca Türkçe sözlük">Osmanlıca Türkçe sözlük</a> |
| 245 ## - BAŞLIK TABLOSU | |
| Başlık | Büyük Osmanlıca-Türkçe sözlük |
| Sorumluluk Tablosu, Vb | Mustafa Nihat Özön |
| 246 ## - UNVAN FORM VARYING | |
| Başlık Doğru / Kısa Başlığı | Ferhenga Kurdi - Tırki |
| 246 ## - UNVAN FORM VARYING | |
| Başlık Doğru / Kısa Başlığı | Osmanlıca-Türkçe sözlük |
| 250 ## - EDITION TABLOSU | |
| Baskı Beyanı | 9. bs. |
| 260 ## - YAYIN, DAĞITIM, VB | |
| Yayın, Dağıtım, Vb Yeri | İstanbul |
| Yayıncı, Dağıtıcı, Vs Adı | İnkılap kitabevi |
| Yayın, Dağıtım, Vb Tarihi | 2005 |
| 300 ## - FİZİKSEL TANIM | |
| Kapsam | xlvi, 928 s. |
| Boyutlar | 24 sm. |
| 500 ## - GENEL NOT | |
| Genel Not | Kapakta adı: Osmanlıca Türkçe sözlük |
| 650 ## - KONU KATMA GİRİŞ - TOPİKAL DÖNEM | |
| Topikal Süreli Veya Coğrafi Ad Giriş Elemanı | Osmanlıca |
| Genel Alt Bölümü | Sözlükler |
| Kronolojik Alt Bölümü | Türkçe |
| 650 ## - KONU KATMA GİRİŞ - TOPİKAL DÖNEM | |
| Topikal Süreli Veya Coğrafi Ad Giriş Elemanı | Türk dili |
| Genel Alt Bölümü | Sözlükler |
| Kronolojik Alt Bölümü | Osmanlıca |
| 942 ## - EKLENDİ GİRİŞ ELEMANLARI (KOHA) | |
| Sınıflandırma Veya Raf Düzeni Kaynak | Dewey Decimal Classification |
| Koha Öğesi Türü | Books |
| 999 ## - SİSTEM KONTROL NUMARALARI (KOHA) | |
| Koha Biblionumber | 3025 |
| Koha Biblioitemnumber | 3025 |
| Kalıcı Konum | Mevcut Konum | Edinme Tarihi | Edinim Kaynak | Toplam Check-Out'Lar | Tam Çağrı Numarası | Barkod | Tarih Son Görülme | İtibaren Geçerli Fiyatlar | Koha Öğesi Türü |
|---|---|---|---|---|---|---|---|---|---|
| CHP Kütüphanesi | CHP Kütüphanesi | 08/28/2016 | Bağış | DAN 419.3 Ö96o 2005 | 002462 | 08/28/2016 | 08/28/2016 | Books |
